College Football National Champions: Sudden Death - Statistics

General Stats
  • This quiz has been taken 286 times
    285 since last reset
  • The average score is 7 of 14
Answers on the Grid
Answers color-coded by a green-red scale on the quiz's grid according to % correct below.
Alabama
Arkansas
Auburn
Clemson
Colorado
Florida
Florida St.
Georgia
Harvard
LSU
Miami (FL)
Miami (OH)
Michigan
Minnesota
Missouri
Nebraska
Notre Dame
Ohio St.
Oklahoma
Oregon
Penn St.
South Carolina
TCU
Tennessee
Texas
Texas A&M
Texas Tech
USC
Utah
Washington
West Virginia
Wisconsin
 
Answer Stats
Answer % Correct
Alabama
98%
Clemson
66%
Georgia
64%
LSU
59%
Auburn
58%
Florida
56%
Michigan
53%
Florida St.
51%
Miami (FL)
39%
Ohio St.
38%
Texas
23%
Oklahoma
22%
USC
20%
Tennessee
11%
No matching quizzes found
Score Distribution
Percent of People with Each Score
Percentile by Number Answered
Your Score History
You have not taken this quiz since the last reset